00450 2200169 4500001002100000008004100021035002000062245005700082100002100139260002800160300002400188020002200212084001400234082000800248990001200256990001200268INLIS000000000002738 IND  a0010-0925000085 aMatematika Tingkat Lanjut Kelas XIcB.K, Noormandiri aB.K, Noormandiri aJakartabErlanggac2022 a382c(17,5 x 25 cm) a978-623-266-765-5 a510 RUS k a510 a0754946 a0754947